000 00565nam a22002057a 4500
003 OSt
005 20210414084127.0
008 210312s1965 ||||| |||| 00| 0 eng d
040 _aeng
_beng
_cDLC
041 _aeng
080 _a821.111
_bJ-24
100 _91407
_aJaprisot Sebastien
245 _aThe Sleeping Car Murders
_c/ by: Pocket Books
260 _aNew York
_bPocket Books
_c1965
300 _a172 p.
365 _b0.5 usd
650 0 _9247
_aEnglish literature
653 _aინგლისური ლიტერატურა
942 _2udc
_cBK
999 _c2204
_d2204